01198 2200265 4500001002100000005001500021035002000036008004100056020001800097041000800115082001100123084001700134100002000151245006300171260005200234300003600286520043600322650001800758990002600776990002600802990002600828990002600854990002600880990002600906INLIS00000000000082920221026114350 a0010-0520000829221026 | | eng  a9780618395997 aeng a337.73 a337.73 KES p0 aKesselman, Mark14aThe Politics of Globalization : A Reader /cMark Kesselman aBoston :bSouth-Western Cengage Learning,c2007 ax, 514 p. :b: illus. ;c23 cm. aThe broad range of selections in this reader gives students a foundation for understanding globalization. Each of the four sections?an introduction to the topic; political economy; civil society; and governance?examine the national and intra-national implications of globalization. The readings present views both for and against globalization and include scholarly discussions and a diverse range of selections on emerging topics. 4aGlobalization a15493/MKRI-P/XII-2009 a15494/MKRI-P/XII-2009 a15494/MKRI-P/XII-2009 a15493/MKRI-P/XII-2009 a15493/MKRI-P/XII-2009 a15494/MKRI-P/XII-2009